Chargement en cours...

Investigations on the biology of Indian mackerel Rastrelliger kanagurta (Cuvier) along the Central Kerala coast with special reference to maturation, feeding and lipid dynamics

Détails bibliographiques
Auteur principal: Ganga .U
Format: Ph.D Thesis
Langue:English
Publié: Kochi School of Marine Sciences September, 2010
LEADER 00596nam a22001337a 4500
005 20151028162639.0
008 111124t xxu||||| |||| 00| 0 eng d
082 |a T316 
100 |a Ganga .U.  |9 30852 
245 |a Investigations on the biology of Indian mackerel Rastrelliger kanagurta (Cuvier) along the Central Kerala coast with special reference to maturation, feeding and lipid dynamics 
942 |c TH  |6 _ 
260 |a Kochi  |b School of Marine Sciences  |c September, 2010 
999 |c 83164  |d 83164 
952 |0 0  |1 0  |2 ddc  |4 0  |6 T316_  |7 1  |9 102602  |a SOS  |b SOS  |c REF  |d 2011-11-24  |o T316  |p MS00T316  |r 2011-11-24  |t t316  |w 2011-11-24  |y TH